000 00321nam a22001337a 4500
020 _a9788189729295
020 _a9788189729292
082 _a630.3
_bSHA/AG
245 _aAgricultural marketing management
260 _aNew Delhi
_bGene-Tech Books
_c2012
300 _a262
700 _aSharma, Premjith
_9377
942 _cBK
999 _c13692
_d13692